Normal view
MARC view
- Asif Hussin
Entry Personal Name
001 - CONTROL NUMBER
- control field: 4960
003 - CONTROL NUMBER IDENTIFIER
- control field: OSt
005 - DATE AND TIME OF LATEST TRANSACTION
- control field: 20210906142209.0
008 - FIXED-LENGTH DATA ELEMENTS
- fixed length control field: 210906|| aca||aabn | a|a d
040 ## - CATALOGING SOURCE
- Original cataloging agency: OSt
- Transcribing agency: OSt
100 ## - HEADING--PERSONAL NAME
- Personal name: Asif Hussin
670 ## - SOURCE DATA FOUND
- Source citation: Work cat.: (OSt): Asif Hussin, Standardization of Irrigation requirement for snak gourd under rain shelter, 2021
